000 00849nam a2200253Ia 4500
003 OSt
005 20220923225435.0
006 a|||||r|||| 00| 0
007 ta
008 220922b |||||||| |||| 00| 0 hin d
024 _a268,321
037 _cTextual
040 _aARTS
_cARTS
_bhin
041 _2hin
_ahin
082 _aQ2x, 152N5
100 _aशर्मा, प्रद्युम्नकुमार
_9156888
245 0 _aवैदिक वाग्धारा
246 _aVaidik vāgdhārā
260 _aजयपुर
_b राजस्थान पत्रिका प्रकाशन
_c1995
300 _a131पृ.
_ccm.
650 _aहिन्दू धर्म
942 _hQ2x, 152N5
_cTEXL
_2CC
999 _c378333
_d378333